000
00282nam a22001337a 4500
008
210518b ||||| |||| 00| 0 eng d
041
_a
eng
080
_a
574
082
_a
574
100
_a
9
101
_a
MJE
245
_a
Knowing your Trees
_c
Warren D. Brush
942
_2
udc
_c
BK
999
_c
57376
_d
57376